000 00772pam a2200277 a 4500
001 4716376
003 LC
005 20160308103159.0
008 831017s1984 nyuabf 000 1 eng
010 _a 83050862
020 _a0394530497
020 _a9780394530499
040 _aDLC
_cDLC
_dDLC
050 0 0 _aPS 3554
_b.D559 1984
082 0 0 _aFIC D56h
_b1984
100 1 _aDiehl, William.
_918114
245 1 0 _aHooligans /
_cWilliam Diehl.
250 _a1st ed.
260 _aNew York :
_bVillard Books,
_cc1984.
300 _a428 p., [1] leaf of plates :
_bill., maps ;
_c25 cm.
500 _aMaps on lining papers.
650 _a Detective and mystery stories.
906 _a7
_bcbc
_corignew
_d1
_eocip
_f19
_gy-gencatlg
942 _2lcc
_cBK
999 _c10909
_d10909